Представление документа в формате RUSMARC

ПолеНазваниеЗначение
  Тип записи a
  Библиографический уровень a
001 Контрольный номер RU/CBS_UL/BASE/593784628
005 Дата корректировки 20240209175230.9
100 Данные общей обработки __
a Данные общей обработки 20181025d2018 ||| 0rusy0189 ca
101 Язык документа 0_
a Язык текста rus
102 Страна публикации __
a Страна публикации RU
105 Кодированные данные (монография) __
a Кодированные данные (монография) y###||||000|y
200 Заглавие и сведения об ответственности 1_
a Заглавие Адмирал Матюшкин - друг Пушкина
b Общее обозначение материала Текст
e Сведения, относящиеся к заглавию [о жизни и профессиональной деятельности адмирала Ф.Ф.Матюшкина]
f Первые сведения об ответственности Л. Черноусько
300 Общие примечания __
a Общие примечания Ограничения по возрасту - 12+
461 Уровень набора _0
1 2000
a Лазурь
463 Уровень физической единицы _0
1 001RU/CBS_UL/BASE/593372941
1 2000
a № 10
v С. 18-19
1 210
d 2018
600 Персоналии _0
a Персоналии (Фамилия) Матюшкин
b Персоналии (Имя, инициалы) Ф.Ф
606 Тематические рубрики 0_
a Основная рубрика Путешественники
610 Ключевые слова 0_
a Ключевые слова кругосветные путешествия
610 Ключевые слова 0_
a Ключевые слова русские адмиралы
610 Ключевые слова 0_
a Ключевые слова путешествия к Северному Ледовитому океану
610 Ключевые слова 0_
a Ключевые слова кругосветные плавания
610 Ключевые слова 0_
a Ключевые слова русские моряки
686 Индексы других классификаций __
a Классификационный индекс 26.8г
2 Код системы ББК
700 Автор _1
a Фамилия Черноусько
b Имя (инициалы) Л.
801 Источник записи _0
a Страна RU
b Организация МБУК ЦБС г. Ульяновска
c Дата составления 20181025
g Правила каталогизации RCR
801 Источник записи _1
a Страна RU
b Организация МБУК ЦБС г. Ульяновска
c Дата составления 20181025
g Правила каталогизации RCR
901 Тип документа __
t Тип документа b
w Контрольный № источника RU/CBS_UL/BASE/593372941
910 Корректоры записи __
a Корректор записи lib7-2
938 Служебная информация __
a Имя БД period